Стимуляция яичников (Запись № 11899059)

Подробности
000 -МАРКЕР
контрольное поле 01752nam0a2200361 4500
001 - ИДЕНТИФИКАТОР ЗАПИСИ
контрольное поле RU\NLR\BIBL_A\011480881
005 - ИДЕНТИФИКАТОР ВЕРСИИ
контрольное поле 20241102022940.0
010 ## - МЕЖДУНАРОДНЫЙ СТАНДАРТНЫЙ НОМЕР КНИГИ (ISBN)
Номер (ISBN) 9785970443606
Тираж 1000
021 ## - НОМЕР ГОСУДАРСТВЕННОЙ РЕГИСТРАЦИИ
Код страны Российская Федерация
Номер 2017-64439
Номер Листа государственной регистраци 4568
035 ## - ДРУГИЕ СИСТЕМНЫЕ НОМЕРА
Идентификатор записи (RuMoRGB)009375361
035 ## - ДРУГИЕ СИСТЕМНЫЕ НОМЕРА
Идентификатор записи (NLR Aleph) 011480881
100 ## - ДАННЫЕ ОБЩЕЙ ОБРАБОТКИ
Данные общей обработки 20170928d2017 k y0rusy50 ca
101 1# - ЯЗЫК РЕСУРСА
Язык текста, звукозаписи и т.д. русский
Язык оригинала английский
102 ## - СТРАНА ПУБЛИКАЦИИ ИЛИ ПРОИЗВОДСТВА
Страна публикации Российская Федерация
105 ## - ПОЛЕ КОДИРОВАННЫХ ДАННЫХ: ТЕКСТОВЫЕ МАТЕРИАЛЫ, МОНОГРАФИЧЕСКИЕ
Кодированные данные о монографическом текстовом документе a z 000zy
200 1# - ЗАГЛАВИЕ И СВЕДЕНИЯ ОБ ОТВЕТСТВЕННОСТИ
Основное заглавие Стимуляция яичников
Сведения, относящиеся к заглавию практическое руковоство
Первые сведения об ответственности Рой Хомбург
Последующие сведения об ответственности перевод с английского под редакцией чл.-кор. РАН И. Ю. Когана
210 ## - ПУБЛИКАЦИЯ, РАСПРОСТРАНЕНИЕ И ДР.
Место издания, распространения и т.д. Москва
Имя издателя, распространителя и т. д. ГЭОТАР-Медиа
Дата издания, распространения и т.д. 2017
215 ## - ФИЗИЧЕСКАЯ ХАРАКТЕРИСТИКА
Специфическое обозначение материала и объем 286 с.
Другие сведения о физической характеристике ил.
Размеры 20
300 ## - ОБЩИЕ ПРИМЕЧАНИЯ
Текст примечания Загл. и авт. ориг.: Ovulation induction and controlled ovarian stimulation / Roy Homburg. 2nd ed.
320 ## - ПРИМЕЧАНИЯ О НАЛИЧИИ В ДОКУМЕНТЕ БИБЛИОГРАФИИ / УКАЗАТЕЛЯ
Текст примечания Библиогр. в конце гл.
454 #0 - ОРИГИНАЛ (ПЕРЕВОДА)
Встроенное поле 2001#$aOvulation induction and controlled ovarian stimulation
-- 700#1$aHomburg$bR.$gRoy
Заглавие Ovulation induction and controlled ovarian stimulation
Автор Homburg, Roy
606 ## - НАИМЕНОВАНИЕ ТЕМЫ КАК ПРЕДМЕТ
Наименование темы Овуляция
Формальный подзаголовок Руководства, пособия и т.п
Системный номер авторитетной/нормативной записи 1156404
Идентификатор авторитетной/нормативной записи RU\NLR\AUTH\66144051
606 ## - НАИМЕНОВАНИЕ ТЕМЫ КАК ПРЕДМЕТ
Наименование темы Ановуляция
Формальный подзаголовок Руководства, пособия и т.п
Системный номер авторитетной/нормативной записи 988507
Идентификатор авторитетной/нормативной записи RU\NLR\AUTH\6655044
606 1# - НАИМЕНОВАНИЕ ТЕМЫ КАК ПРЕДМЕТ
Наименование темы Яичники
Формальный подзаголовок Руководства, пособия и т.п
Тематический подзаголовок Стимуляция при искусственном оплодотворении
Системный номер авторитетной/нормативной записи 2340128
Идентификатор авторитетной/нормативной записи RU\NLR\AUTH\6601622394
686 ## - ИНДЕКСЫ ДРУГИХ КЛАССИФИКАЦИЙ
Индекс Р716.11с13,07
Код системы
686 1# - ИНДЕКСЫ ДРУГИХ КЛАССИФИКАЦИЙ
Индекс Р712.55я7
686 1# - ИНДЕКСЫ ДРУГИХ КЛАССИФИКАЦИЙ
Индекс Р712.56я7
700 #1 - ИМЯ ЛИЦА - ПЕРВИЧНАЯ ОТВЕТСТВЕННОСТЬ
Начальный элемент ввода Хомбург
Часть имени, кроме начального элемента ввода Р.
Расширение инициалов личного имени Рой
942 ## - ДОПОЛНИТЕЛЬНЫЕ ЭЛЕМЕНТЫ ЗАПИСИ (АБИС)
Тип экземпляра АБИС Книга
980 ## - КОЛЛЕКЦИЯ
Название коллекции НБР

Нет доступных экземпляров.